000 00955nac a22002531i 4500
003 EG-ScBUE
005 20230604095414.0
008 110123s1992 ua f b 001 0 ara d
040 _aEG-ScBUE
_bara
_erda
_cEG-ScBUE
_dEG-ScBUE
082 0 4 _a791.4309
_bش ر ف
_222
100 1 _aشرف الدين، درية،
_eمؤلف.
_922083
245 1 2 _aالسياسة والسينما في مصر :
_b1961-1981 /
_cد. درية شرف الدين
264 1 _aالقاهرة :
_bدار الشروق،
_c1992.
300 _a270 صفحة ؛
_c24 سم
336 _2rdacontent
_aنص
_btxt
337 _2rdamedia
_aبدون وسيط
_bn
338 _2rdacarrier
_aمجلد
_bnc
504 _aيشتمل على إرجاعات ببليوجرافية وفهرس.
650 7 _aالسياسة
_zمصر.
_2BUEsh
_922159
650 7 _aالسينما
_xجوانب سياسية.
_2BUEsh
_922162
651 _2BUEsh
655 _vReading book
942 _cBB
_k791.4309 ش ر ف
_2ddc
999 _c5616
_d5616